000 00629nam a2200253Ia 4500
003 OSt
005 20221007103852.0
006 a|||||r|||| 00| 0
007 ta
008 221006b |||||||| |||| 00| 0 eng d
024 _a14,270
037 _cTextual
040 _aLCO
_cLCO
_beng
041 _2eng
_aeng
082 _aZ2,94, P7
100 _aAvtar Singh
245 0 _aPrinciples of the Law of Evidence
250 _a13th
260 _aDelhi
_bCentral Law Publishers India
_c2002
300 _a492
650 _aEVIDENCE
942 _hZ2,94, P7
_cTEXL
999 _c1183833
_d1183833